Listed building controls - shifting ground on fixtures and fittings? (Record no. 63994)
[ view plain ]
| 000 -LEADER | |
|---|---|
| fixed length control field | 01015cam a2200217 4500 |
| 001 - CONTROL NUMBER | |
| control field | ABS62528 |
| 008 - FIXED-LENGTH DATA ELEMENTS--GENERAL INFORMATION | |
| fixed length control field | 000000n2000 000 0 eng u |
| 035 ## - SYSTEM CONTROL NUMBER | |
| System control number | (Sirsi) u107021 |
| 100 ## - MAIN ENTRY--PERSONAL NAME | |
| Personal name | Scrase, T. |
| 245 ## - TITLE STATEMENT | |
| Title | Listed building controls - shifting ground on fixtures and fittings? |
| 260 ## - PUBLICATION, DISTRIBUTION, ETC. | |
| Date of publication, distribution, etc. | 2000 |
| 490 ## - SERIES STATEMENT | |
| Series statement | Journal of Planning and Environment Law |
| Volume/sequential designation | March 2000, 235-245(6) |
| 520 ## - SUMMARY, ETC. | |
| Summary, etc. | Discusses government's changing attitude to the removal of fixtures and fittings from listed buildings. This shift seems to be reflected in the decisions reached in the cases concerning Leighton Hall and the Time and Life Building. Concludes that the system now seems to be operating in a manner more likely to protect the integrity of listed buildings. |
| 590 ## - LOCAL NOTE (RLIN) | |
| Local note | ABS |
| 650 ## - SUBJECT ADDED ENTRY--TOPICAL TERM | |
| Topical term or geographic name entry element | LISTED BUILDINGS |
| 650 ## - SUBJECT ADDED ENTRY--TOPICAL TERM | |
| Topical term or geographic name entry element | FIXTURES AND FITTINGS |
| 650 ## - SUBJECT ADDED ENTRY--TOPICAL TERM | |
| Topical term or geographic name entry element | PLANNING (LISTED BUILDINGS AND CONSERVATION AREAS) ACT 1990 |
| 650 ## - SUBJECT ADDED ENTRY--TOPICAL TERM | |
| Topical term or geographic name entry element | BUILDING CONTROL |
| 9 (RLIN) | 6222 |
| 690 ## - LOCAL SUBJECT ADDED ENTRY--TOPICAL TERM (OCLC, RLIN) | |
| Topical term or geographic name as entry element | Planning and development |
| 9 (RLIN) | 6259 |
| 942 ## - ADDED ENTRY ELEMENTS (KOHA) | |
| Suppress in OPAC | 0 |
| Withdrawn status | Lost status | Source of classification or shelving scheme | Damaged status | Not for loan | Home library | Current library | Shelving location | Date acquired | Total Checkouts | Full call number | Barcode | Date last seen | Copy number | Price effective from | Koha item type |
|---|---|---|---|---|---|---|---|---|---|---|---|---|---|---|---|
| Dewey Decimal Classification | London | London | Journal article | 07/07/2000 | ABS62528 | 107021-1001 | 06/08/2019 | 1 | 06/08/2019 | Journal article |